Róvni e Hélia (Registo nº 1796)

Detalhes MARC
000 -Etiqueta do registo
Cabeçalho 00700nam a22002411 4500
005 - Identificador da versão
Campo de controlo 20240827103340.0
021 ## - Número do Depósito Legal
Código do país PT
100 ## - Dados gerais de processamento
Dados gerais de processamento 20070508d1978 cd y0pory5003 ba
101 1# - Língua de publicação
Língua do texto, banda sonora, etc. Português
102 ## - Pais de publicação ou produção
País de publicação Portugal
105 ## - Campo de dados codificados: livros
Dados codificados dos livros a z 000fy
200 1# - Titulo e menção de responsabilidade
Título próprio Róvni e Hélia
Informação de outro título os meninos do planeta Titânio
Primeira menção de responsabilidade Kirsten Hare
Outras menções de responsabilidade il. de Svend Otto S.
205 ## - Menção da edição
Menção da edição 1ª ed.
210 ## - Publicação, Distribuição, etc. 
Lugar da edição, distribuição, etc. [Lisboa]
Nome do editor, distribuidor, etc. Livros Horizonte
Data da publicação, distribuição, etc. 1978
215 ## - Descrição física 
Indicação específica da natureza do documento e extensão da espécie [24] p.
Outras indicações físicas todo il.
Dimensões 26 cm
304 ## - Notas relativas a título e menção de responsabilidade 
Texto da nota Tít. orig.: Rufo og Helia
606 ## - Nome comum usado como assunto
Número de registo de entrada de autoridade 0000243
Palavra de ordem Literatura estrangeira infantil
Subdivisão de assunto Banda desenhada
675 ## - Classificação Decimal Universal (CDU)
Notação 82-9
Edição
Língua da edição por
700 #1 - Nome de autor-pessoa física (responsabilidade principal)
Número de registo de entrada de autoridade 0000312
Palavra de ordem Hare
Outra parte do nome não tomada para palavra de ordem Kirsten
702 #1 - Nome de autor-pessoa física (responsabilidade secundária)
Número de registo de entrada de autoridade 0000313
Palavra de ordem S.
Outra parte do nome não tomada para palavra de ordem Svend Otto
Código de função Ilustrador / Técnico de desenho computorizado
942 ## - Elementos de entrada adicionados (Koha)
Tipo de item no Koha Livro
Exemplares
Situação do levantamento Origin of item (home branch) (coded) Biblioteca de empréstimo Código de barras Cota Circulation type (not for loan) Tipo de documento Nota do exemplar Damaged status
  Biblioteca Escolar da Coca Maravilhas Biblioteca Escolar da Coca Maravilhas BECM4392/99 8EST HAR   Livro Sem mensagem